La lechuga : su cultivo en Río Negro y Neuquén /
Guardado en:
| Autor Principal: | |
|---|---|
| Formato: | Libro |
| Idioma: | Undetermined |
| Publicado: |
General Roca :
INTA,
1999.
|
| Edición: | 1a ed. |
| Materias: | |
| Etiquetas: |
Agregar Etiqueta
Sin Etiquetas, Sea el primero en etiquetar este registro!
|
| LEADER | 00807nam a22002175a 4500 | ||
|---|---|---|---|
| 001 | CEM.cems024678 | ||
| 008 | 250612s1999####xx#a##########000#0#und#d | ||
| 005 | 20250612083255.0 | ||
| 245 | 1 | 0 | |a La lechuga : |b su cultivo en Río Negro y Neuquén / |c Norma Iglesias. |
| 250 | |a 1a ed. | ||
| 260 | |a General Roca : |b INTA, |c 1999. | ||
| 300 | |a 11 p. : |b il. ; |c 20 cm. | ||
| 500 | |a Centro experimental Patagonia Norte. | ||
| 505 | 0 | |a Lechuga -- Características generales -- Manejo de cultivo -- Siembra y germinación -- Control de malezas -- Fertilización -- Experiencia regional -- Experiencias en invernáculo | |
| 100 | 1 | |a Iglesias, Norma. | |
| 082 | 0 | 4 | |a 635 |
| 653 | |a Lechuga | ||
| 653 | |a Huerta | ||
| 653 | |a Fruticultura | ||
| 653 | |a Horticultura | ||
| 859 | |a CEMS |b BIB. CEMS - Agricultura |h 635 |i Ig4 |p A3866.25 |t Ej.1 | ||
